[Event "Valencia IRT U2000"]
[Site "Valencia"]
[Date "2016.06.18"]
[Round "6.4"]
[White "Escalona Landi, Samid Eduardo"]
[Black "Miranda Mamani, Gustavo"]
[Result "1-0"]
[WhiteElo "1635"]
[BlackElo "1671"]
[PlyCount "71"]
[EventDate "2016.06.18"]
[EventType "swiss"]
[EventRounds "6"]
[EventCountry "VEN"]
[SourceTitle "EXT 2022"]
[Source "ChessBase"]
[SourceDate "2021.10.06"]
[SourceVersion "1"]
[SourceVersionDate "2021.10.06"]
[SourceQuality "1"]

1. e4 c5 2. d4 cxd4 3. c3 dxc3 4. Nxc3 d6 5. Bc4 Nf6 6. Nf3 e6 7. 0-0 Be7 8. Qe2 0-0 9. Rd1 e5 10. Bg5 Nc6 11. Rac1 Bg4 12. Be3 Rc8 13. Bb3 h6 14. h3 Bh5 15. Qd3 Qd7 16. Kh2 Rfd8 17. a3 g5 18. Rd2 Bxf3 19. gxf3 Nh5 20. Rcd1 Kg7 21. Nb5 Qe8 22. Nxa7 Nxa7 23. Bxa7 Nf4 24. Qf1 Qd7 25. Bb6 Rf8 26. Be3 Nh5 27. Rd5 f6 28. Qe2 Rc7 29. Qd2 Rfc8 30. Rg1 Kh7 31. Rd1 Rg8 32. Qe2 Rg6 33. Ra5 Bf8 34. Ra8 Qg7 35. Be6 Qe7 36. Bf5 1-0

[Event "Caracas FVA 80th Ann"]
[Site "Caracas"]
[Date "2015.12.20"]
[Round "7"]
[White "Bianco Diaz, Rogelio Jose"]
[Black "Miranda Mamani, Gustavo"]
[Result "1-0"]
[WhiteElo "1817"]
[BlackElo "1561"]
[PlyCount "35"]
[EventDate "2015.12.16"]
[EventType "swiss"]
[EventRounds "8"]
[EventCountry "VEN"]
[SourceTitle "EXT 2018"]
[Source "ChessBase"]
[SourceDate "2017.10.13"]
[SourceVersion "1"]
[SourceVersionDate "2017.10.13"]
[SourceQuality "1"]

1. d4 d5 2. f4 e6 3. e3 c5 4. Nf3 Nf6 5. c3 Bd6 6. Bd3 h6 7. 0-0 0-0 8. Nbd2 c4 9. Bc2 Nc6 10. Ne5 Ne7 11. Qe2 b5 12. a3 a5 13. e4 Bb7 14. g4 dxe4 15. Nxe4 Bxe4 16. Bxe4 Nfd5 17. Bd2 Bxe5 18. fxe5 1-0

[Event "Caracas FVA 80th Ann"]
[Site "Caracas"]
[Date "2015.12.20"]
[Round "8"]
[White "Miranda Mamani, Gustavo"]
[Black "Palma Bermudez, Israel Ruben"]
[Result "0-1"]
[WhiteElo "1561"]
[BlackElo "1804"]
[PlyCount "104"]
[EventDate "2015.12.16"]
[EventType "swiss"]
[EventRounds "8"]
[EventCountry "VEN"]
[SourceTitle "EXT 2018"]
[Source "ChessBase"]
[SourceDate "2017.10.13"]
[SourceVersion "1"]
[SourceVersionDate "2017.10.13"]
[SourceQuality "1"]

1. d4 Nf6 2. c4 e6 3. Nc3 d5 4. c5 a5 5. Bg5 b6 6. cxb6 cxb6 7. e3 Be7 8. Bb5+ Bd7 9. Qa4 0-0 10. Nf3 Bxb5 11. Qxb5 Nbd7 12. 0-0 Ne8 13. Bf4 Nd6 14. Bxd6 Bxd6 15. Rac1 Re8 16. Na4 Nf6 17. Qxb6 Qe7 18. Qb3 Rab8 19. Qd3 Nd7 20. Rc6 e5 21. dxe5 Nxe5 22. Nxe5 Qxe5 23. g3 Rb4 24. b3 d4 25. e4 Bb8 26. f4 Qe7 27. Nb6 Qb7 28. Rfc1 Rxb6 29. R6c5 Rbe6 30. e5 h5 31. Re1 Qb4 32. Rec1 h4 33. g4 f6 34. Rb5 Qe7 35. Qc4 Kf8 36. Rxa5 Qf7 37. a4 Kg8 38. Rf1 h3 39. Rb5 Qg6 40. Qe2 Rc6 41. Qf3 Rc3 42. Qe2 Re3 43. Qc4+ Kh7 44. g5 Qe4 45. Qd5 fxg5 46. Qxe4+ Rxe4 47. e6 Bxf4 48. Kf2 R8xe6 49. Kf3 d3 50. Rd1 d2 51. Rd5 Bxh2 52. R1xd2 Rf4# 0-1